000 00498cam a22001577a 4500
008 180718b1979 xxu||||| |||| 00| 0 eng d
082 _aDx54 Sa73
100 _aSarhadi, Ajit Singh
245 _aIndia's security in resurgent Asia
_cby Ajit Singh Sarhadi
260 _aDelhi
_bHeritage
_c1979
300 _a338p.
650 _aAsia --Foreign relations
650 _aAsia --Politics and government --1945
650 _aIndia --Foreign relations --Asia
650 _aAsia --Foreign relations --India
999 _c353561
_d353561